El poder del aprendizaje consciente
Uloženo v:
| Hlavní autor: | |
|---|---|
| Médium: | Kniha |
| Jazyk: | španělština |
| Vydáno: |
Madrid
Gedisa
2000
|
| Edice: | Biblioteca de Educación
|
| Témata: | |
| Tagy: |
Přidat tag
Žádné tagy, Buďte první, kdo vytvoří štítek k tomuto záznamu!
|
MARC
| LEADER | 00000nam a2200000 a 4500 | ||
|---|---|---|---|
| 001 | UCO7037 | ||
| 003 | CL-VaPUC | ||
| 008 | 001103e20000000SP |||||||||||||||||spa|d | ||
| 082 | 0 | 4 | |a 370.1523 |b LAN |2 21 |
| 100 | |a Langer, Ellen J |e author |9 451671 | ||
| 245 | 1 | 3 | |a El poder del aprendizaje consciente |
| 300 | |a 142 p | ||
| 942 | |c BK | ||
| 945 | |d 20001103 00:00:00 |a rbrito | ||
| 260 | |a Madrid |b Gedisa |c 2000 | ||
| 650 | 0 | |a Psicología del aprendizaje |9 306854 | |
| 650 | 0 | |a Memoria |9 266549 | |
| 650 | 0 | |a Aprendizaje |9 254827 | |
| 650 | 0 | |a Inteligencia |9 267038 | |
| 583 | |a last modification |c 20001103 00:00:00 |k Rodrigo Vera | ||
| 490 | 0 | |a Biblioteca de Educación | |
| 999 | |c 292256 |d 292254 | ||
| 952 | |0 0 |1 0 |4 0 |6 370_152300000000000_LAN_2000 |7 0 |8 A |9 342991 |a BIBEDU |b BIBEDU |d 2019-11-20 |i 3659127 |o 370.1523 LAN 2000 |p 3659127 |r 2019-11-20 |w 2019-11-20 |y BK |k PSI | ||